<?xml version="1.0" encoding="UTF-8"?>
<collection xmlns="http://www.loc.gov/MARC21/slim">
 <record>
  <leader>02763nam a22003137a 4500</leader>
  <controlfield tag="001">NCT_39594</controlfield>
  <controlfield tag="008">180608b        xxu||||| |||| 00| 0 vie d</controlfield>
  <datafield tag="999" ind1=" " ind2=" ">
   <subfield code="c">1910</subfield>
   <subfield code="d">1910</subfield>
  </datafield>
  <datafield tag="020" ind1=" " ind2=" ">
   <subfield code="c">69000</subfield>
  </datafield>
  <datafield tag="082" ind1="0" ind2="4">
   <subfield code="2">23rd ed.</subfield>
   <subfield code="a">657.076</subfield>
   <subfield code="b">H513</subfield>
  </datafield>
  <datafield tag="100" ind1="1" ind2=" ">
   <subfield code="a">Trịnh Quốc Hùng</subfield>
  </datafield>
  <datafield tag="245" ind1="1" ind2="0">
   <subfield code="a">Thực hành Nguyên lý kế toán (tóm tắt lý thuyết, bài tập và bài giải) :</subfield>
   <subfield code="b">Theo quyết định số 15/2006/QĐ-BTC ngày 20/03/2006</subfield>
   <subfield code="c">Trịnh Quốc Hùng, Trịnh Minh Tân</subfield>
  </datafield>
  <datafield tag="250" ind1=" " ind2=" ">
   <subfield code="a">Tái bản lần 2</subfield>
  </datafield>
  <datafield tag="260" ind1=" " ind2=" ">
   <subfield code="a">TP Hồ Chí Minh</subfield>
   <subfield code="b">Phương đông</subfield>
   <subfield code="c">2011</subfield>
  </datafield>
  <datafield tag="300" ind1=" " ind2=" ">
   <subfield code="a">282 tr.</subfield>
   <subfield code="b">bảng, biểu đồ</subfield>
   <subfield code="c">24cm</subfield>
  </datafield>
  <datafield tag="520" ind1="3" ind2=" ">
   <subfield code="a">Lý Thuyết và Bài Tập Nguyên Lý Kế Toán, được soạn theo giáo trình giảng dạy, và dựa trên thực tế công việc kế toán tại các đơn vị kinh doanh với cấu trúc và hình thức trình bày hoàn toàn mới mẻ, nội dung bao gồm: Tóm tắt lý thuyết ngắn gọn, dễ hiểu; Bài tập đa dạng, mới, được xây dựng theo từng nội dung riêng biệt.</subfield>
  </datafield>
  <datafield tag="653" ind1=" " ind2=" ">
   <subfield code="a">Kế toán</subfield>
  </datafield>
  <datafield tag="700" ind1="1" ind2=" ">
   <subfield code="a">Trịnh Minh Tân</subfield>
  </datafield>
  <datafield tag="942" ind1=" " ind2=" ">
   <subfield code="2">ddc</subfield>
   <subfield code="c">BK</subfield>
  </datafield>
  <datafield tag="952" ind1=" " ind2=" ">
   <subfield code="0">0</subfield>
   <subfield code="1">0</subfield>
   <subfield code="2">ddc</subfield>
   <subfield code="4">0</subfield>
   <subfield code="6">657_076000000000000_H513</subfield>
   <subfield code="7">0</subfield>
   <subfield code="9">9851</subfield>
   <subfield code="a">000001</subfield>
   <subfield code="b">000001</subfield>
   <subfield code="d">2018-06-08</subfield>
   <subfield code="l">1</subfield>
   <subfield code="o">657.076 H513</subfield>
   <subfield code="p">MD.07535</subfield>
   <subfield code="r">2020-12-29</subfield>
   <subfield code="s">2020-12-15</subfield>
   <subfield code="v">69000.00</subfield>
   <subfield code="w">2018-06-08</subfield>
   <subfield code="y">BK</subfield>
  </datafield>
  <datafield tag="952" ind1=" " ind2=" ">
   <subfield code="0">0</subfield>
   <subfield code="1">0</subfield>
   <subfield code="2">ddc</subfield>
   <subfield code="4">0</subfield>
   <subfield code="6">657_076000000000000_H513</subfield>
   <subfield code="7">0</subfield>
   <subfield code="9">9852</subfield>
   <subfield code="a">000001</subfield>
   <subfield code="b">000001</subfield>
   <subfield code="d">2018-06-08</subfield>
   <subfield code="o">657.076 H513</subfield>
   <subfield code="p">MD.07537</subfield>
   <subfield code="r">2018-06-08</subfield>
   <subfield code="v">69000.00</subfield>
   <subfield code="w">2018-06-08</subfield>
   <subfield code="y">BK</subfield>
  </datafield>
  <datafield tag="952" ind1=" " ind2=" ">
   <subfield code="0">0</subfield>
   <subfield code="1">0</subfield>
   <subfield code="2">ddc</subfield>
   <subfield code="4">0</subfield>
   <subfield code="6">657_076000000000000_H513</subfield>
   <subfield code="7">0</subfield>
   <subfield code="9">9853</subfield>
   <subfield code="a">000001</subfield>
   <subfield code="b">000001</subfield>
   <subfield code="d">2018-06-08</subfield>
   <subfield code="l">1</subfield>
   <subfield code="o">657.076 H513</subfield>
   <subfield code="p">MD.07538</subfield>
   <subfield code="q">2020-10-30</subfield>
   <subfield code="r">2020-10-16</subfield>
   <subfield code="s">2020-10-16</subfield>
   <subfield code="v">69000.00</subfield>
   <subfield code="w">2018-06-08</subfield>
   <subfield code="y">BK</subfield>
  </datafield>
  <datafield tag="952" ind1=" " ind2=" ">
   <subfield code="0">0</subfield>
   <subfield code="1">0</subfield>
   <subfield code="2">ddc</subfield>
   <subfield code="4">0</subfield>
   <subfield code="6">657_076000000000000_H513</subfield>
   <subfield code="7">0</subfield>
   <subfield code="9">9855</subfield>
   <subfield code="a">000001</subfield>
   <subfield code="b">000001</subfield>
   <subfield code="d">2018-06-08</subfield>
   <subfield code="o">657.076 H513</subfield>
   <subfield code="p">MD.07550</subfield>
   <subfield code="r">2018-06-08</subfield>
   <subfield code="v">69000.00</subfield>
   <subfield code="w">2018-06-08</subfield>
   <subfield code="y">BK</subfield>
  </datafield>
  <datafield tag="952" ind1=" " ind2=" ">
   <subfield code="0">0</subfield>
   <subfield code="1">0</subfield>
   <subfield code="2">ddc</subfield>
   <subfield code="4">0</subfield>
   <subfield code="6">657_076000000000000_H513</subfield>
   <subfield code="7">0</subfield>
   <subfield code="9">9857</subfield>
   <subfield code="a">000001</subfield>
   <subfield code="b">000001</subfield>
   <subfield code="d">2018-06-08</subfield>
   <subfield code="l">1</subfield>
   <subfield code="o">657.076 H513</subfield>
   <subfield code="p">MD.07541</subfield>
   <subfield code="r">2020-10-12</subfield>
   <subfield code="s">2020-09-24</subfield>
   <subfield code="v">69000.00</subfield>
   <subfield code="w">2018-06-08</subfield>
   <subfield code="y">BK</subfield>
  </datafield>
  <datafield tag="952" ind1=" " ind2=" ">
   <subfield code="0">0</subfield>
   <subfield code="1">0</subfield>
   <subfield code="2">ddc</subfield>
   <subfield code="4">0</subfield>
   <subfield code="6">657_076000000000000_H513</subfield>
   <subfield code="7">0</subfield>
   <subfield code="9">9858</subfield>
   <subfield code="a">000001</subfield>
   <subfield code="b">000001</subfield>
   <subfield code="d">2018-06-08</subfield>
   <subfield code="o">657.076 H513</subfield>
   <subfield code="p">MD.07544</subfield>
   <subfield code="r">2018-06-08</subfield>
   <subfield code="v">69000.00</subfield>
   <subfield code="w">2018-06-08</subfield>
   <subfield code="y">BK</subfield>
  </datafield>
  <datafield tag="952" ind1=" " ind2=" ">
   <subfield code="0">0</subfield>
   <subfield code="1">0</subfield>
   <subfield code="2">ddc</subfield>
   <subfield code="4">0</subfield>
   <subfield code="6">657_076000000000000_H513</subfield>
   <subfield code="7">0</subfield>
   <subfield code="9">9859</subfield>
   <subfield code="a">000001</subfield>
   <subfield code="b">000001</subfield>
   <subfield code="d">2018-06-08</subfield>
   <subfield code="o">657.076 H513</subfield>
   <subfield code="p">MD.07547</subfield>
   <subfield code="r">2018-06-08</subfield>
   <subfield code="v">69000.00</subfield>
   <subfield code="w">2018-06-08</subfield>
   <subfield code="y">BK</subfield>
  </datafield>
  <datafield tag="952" ind1=" " ind2=" ">
   <subfield code="0">0</subfield>
   <subfield code="1">0</subfield>
   <subfield code="2">ddc</subfield>
   <subfield code="4">0</subfield>
   <subfield code="6">657_076000000000000_H513</subfield>
   <subfield code="7">0</subfield>
   <subfield code="9">9862</subfield>
   <subfield code="a">000001</subfield>
   <subfield code="b">000001</subfield>
   <subfield code="d">2018-06-08</subfield>
   <subfield code="o">657.076 H513</subfield>
   <subfield code="p">MD.07158</subfield>
   <subfield code="r">2018-06-08</subfield>
   <subfield code="v">69000.00</subfield>
   <subfield code="w">2018-06-08</subfield>
   <subfield code="y">BK</subfield>
  </datafield>
  <datafield tag="952" ind1=" " ind2=" ">
   <subfield code="0">0</subfield>
   <subfield code="1">0</subfield>
   <subfield code="2">ddc</subfield>
   <subfield code="4">0</subfield>
   <subfield code="6">657_076000000000000_H513</subfield>
   <subfield code="7">0</subfield>
   <subfield code="9">9863</subfield>
   <subfield code="a">000001</subfield>
   <subfield code="b">000001</subfield>
   <subfield code="d">2018-06-08</subfield>
   <subfield code="l">2</subfield>
   <subfield code="o">657.076 H513</subfield>
   <subfield code="p">MD.07160</subfield>
   <subfield code="r">2020-11-23</subfield>
   <subfield code="s">2020-11-17</subfield>
   <subfield code="v">69000.00</subfield>
   <subfield code="w">2018-06-08</subfield>
   <subfield code="y">BK</subfield>
  </datafield>
  <datafield tag="980" ind1=" " ind2=" ">
   <subfield code="a">Thư viện Trường Đại học Nam Cần Thơ</subfield>
  </datafield>
 </record>
</collection>
